Machine Design (Record no. 4692)

MARC details
000 -LEADER
fixed length control field 00392nam a22001697a 4500
005 - DATE AND TIME OF LATEST TRANSACTION
control field 20160629135313.0
008 - FIXED-LENGTH DATA ELEMENTS--GENERAL INFORMATION
fixed length control field 160629b xxu||||| |||| 00| 0 eng d
020 ## - INTERNATIONAL STANDARD BOOK NUMBER
ISBN 81-85749-79-5
041 ## - LANGUAGE CODE
Language code of text/sound track or separate title eng
082 ## - DEWEY DECIMAL CLASSIFICATION NUMBER
Item number 12236
100 ## - MAIN ENTRY--AUTHOR NAME
Personal name Gill, P.S
245 ## - TITLE STATEMENT
Title Machine Design
260 ## - PUBLICATION, DISTRIBUTION, ETC. (IMPRINT)
Name of publisher S.K. Kataria & Sons
Year of publication 2012
300 ## - PHYSICAL DESCRIPTION
Number of Pages 709
650 ## - SUBJECT ADDED ENTRY--TOPICAL TERM
Topical Term Diploma Engineering
942 ## - ADDED ENTRY ELEMENTS (KOHA)
Koha item type Books
Holdings
Lost status Damaged status Home library Date acquired Cost, normal purchase price Full call number Accession Number Koha item type
    JRU Library 29/06/2016 340.00 12236 12236 Books
    JRU Library 29/06/2016 340.00 12236 12237 Books
    JRU Library 29/06/2016 340.00 12236 12238 Books
    JRU Library 29/06/2016 340.00 12236 12239 Books
    JRU Library 29/06/2016 340.00 12236 12240 Books
    JRU Library 29/06/2016 340.00 12236 12241 Books
    JRU Library 29/06/2016 340.00 12236 12242 Books
    JRU Library 29/06/2016 340.00 12236 12243 Books
    JRU Library 29/06/2016 340.00 12236 12244 Books
    JRU Library 29/06/2016 340.00 12236 12245 Books
    JRU Library 29/06/2016 340.00 12236 12246 Books
    JRU Library 29/06/2016 340.00 12236 12247 Books
    JRU Library 29/06/2016 340.00 12236 12248 Books
    JRU Library 29/06/2016 340.00 12236 12249 Books
    JRU Library 29/06/2016 340.00 12236 12250 Books